<?xml version="1.0" encoding="UTF-8"?>
<record
    xmlns:xsi="http://www.w3.org/2001/XMLSchema-instance"
    xsi:schemaLocation="http://www.loc.gov/MARC21/slim http://www.loc.gov/standards/marcxml/schema/MARC21slim.xsd"
    xmlns="http://www.loc.gov/MARC21/slim">

  <leader>01488cam a2200445 i 4500</leader>
  <controlfield tag="001">.b2726872x</controlfield>
  <controlfield tag="003">YEEZEN</controlfield>
  <controlfield tag="005">20240503094532.0</controlfield>
  <controlfield tag="008">230807s2023    ch a   e b    000 0bchi d</controlfield>
  <datafield tag="020" ind1=" " ind2=" ">
    <subfield code="a">9786263539051</subfield>
    <subfield code="q">(&#x4E0A;&#x518A;;</subfield>
    <subfield code="q">&#x5E73;&#x88DD;) :</subfield>
    <subfield code="c">&#x65B0;&#x81FA;&#x5E63;620&#x5143;</subfield>
  </datafield>
  <datafield tag="020" ind1=" " ind2=" ">
    <subfield code="a">9786263539068</subfield>
    <subfield code="q">(&#x4E0B;&#x518A;;</subfield>
    <subfield code="q">&#x5E73;&#x88DD;) :</subfield>
    <subfield code="c">&#x65B0;&#x81FA;&#x5E63;580&#x5143;</subfield>
  </datafield>
  <datafield tag="020" ind1=" " ind2=" ">
    <subfield code="a">4712966629756</subfield>
    <subfield code="q">(&#x4E00;&#x5957;;</subfield>
    <subfield code="q">&#x5E73;&#x88DD;) :</subfield>
    <subfield code="c">&#x65B0;&#x81FA;&#x5E63;1200&#x5143;</subfield>
  </datafield>
  <datafield tag="040" ind1=" " ind2=" ">
    <subfield code="a">PTTCL</subfield>
    <subfield code="b">chi</subfield>
    <subfield code="c">PTTCL</subfield>
    <subfield code="d">TWFJU</subfield>
    <subfield code="e">ccr</subfield>
  </datafield>
  <datafield tag="041" ind1="1" ind2=" ">
    <subfield code="a">chi</subfield>
    <subfield code="h">eng</subfield>
  </datafield>
  <datafield tag="042" ind1=" " ind2=" ">
    <subfield code="a">nbic</subfield>
  </datafield>
  <datafield tag="082" ind1=" " ind2=" ">
    <subfield code="a">785.28</subfield>
  </datafield>
  <datafield tag="090" ind1=" " ind2=" ">
    <subfield code="a">785.28</subfield>
  </datafield>
  <datafield tag="100" ind1="1" ind2=" ">
    <subfield code="a">&#x67CF;&#x5FB7;</subfield>
    <subfield code="c">(Bird, Kai)</subfield>
  </datafield>
  <datafield tag="240" ind1="1" ind2="0">
    <subfield code="a">American Prometheus.</subfield>
    <subfield code="l">&#x4E2D;&#x6587;</subfield>
  </datafield>
  <datafield tag="245" ind1="1" ind2="0">
    <subfield code="a">&#x5967;&#x672C;&#x6D77;&#x9ED8; /</subfield>
    <subfield code="c">&#x51F1;.&#x67CF;&#x5FB7;(Kai Bird), &#x99AC;&#x4E01;.&#x859B;&#x6587;(Martin J. Sherwin)&#x8457; ; &#x6797;&#x9DAF;&#x8B6F;</subfield>
  </datafield>
  <datafield tag="250" ind1=" " ind2=" ">
    <subfield code="a">&#x4E00;&#x7248;</subfield>
  </datafield>
  <datafield tag="260" ind1=" " ind2=" ">
    <subfield code="a">&#x81FA;&#x5317;&#x5E02; :</subfield>
    <subfield code="b">&#x6642;&#x5831;&#x6587;&#x5316;,</subfield>
    <subfield code="c">2023.07</subfield>
  </datafield>
  <datafield tag="300" ind1=" " ind2=" ">
    <subfield code="a">2&#x518A; :</subfield>
    <subfield code="b">&#x5716; ;</subfield>
    <subfield code="c">21&#x516C;&#x5206;</subfield>
  </datafield>
  <datafield tag="490" ind1="1" ind2=" ">
    <subfield code="a">People ;</subfield>
    <subfield code="v">498-499.</subfield>
  </datafield>
  <datafield tag="500" ind1=" " ind2=" ">
    <subfield code="a">&#x8B6F;&#x81EA;: American Prometheus : the triumph and tragedy of J. Robert Oppenheimer.</subfield>
  </datafield>
  <datafield tag="504" ind1=" " ind2=" ">
    <subfield code="a">&#x542B;&#x53C3;&#x8003;&#x66F8;&#x76EE;</subfield>
  </datafield>
  <datafield tag="505" ind1="0" ind2=" ">
    <subfield code="a">&#x4E0A;&#x518A;, &#x539F;&#x5B50;&#x5F48;&#x7684;&#x8A95;&#x751F; -- &#x4E0B;&#x518A;, &#x570B;&#x5BB6;&#x82F1;&#x96C4;&#x9695;&#x843D;</subfield>
  </datafield>
  <datafield tag="600" ind1="1" ind2="7">
    <subfield code="a">&#x5967;&#x672C;&#x6D77;&#x9ED8;</subfield>
    <subfield code="c">(Oppenheimer, J. Robert,</subfield>
    <subfield code="d">1904-1967)</subfield>
    <subfield code="2">lcstt.</subfield>
  </datafield>
  <datafield tag="650" ind1=" " ind2="7">
    <subfield code="a">&#x7269;&#x7406;&#x5B78;</subfield>
    <subfield code="2">lcstt.</subfield>
  </datafield>
  <datafield tag="650" ind1=" " ind2="7">
    <subfield code="a">&#x50B3;&#x8A18;</subfield>
    <subfield code="2">lcstt.</subfield>
  </datafield>
  <datafield tag="651" ind1=" " ind2="7">
    <subfield code="a">&#x7F8E;&#x570B;</subfield>
    <subfield code="2">lcstt.</subfield>
  </datafield>
  <datafield tag="700" ind1="1" ind2=" ">
    <subfield code="a">Bird, Kai.</subfield>
  </datafield>
  <datafield tag="700" ind1="1" ind2=" ">
    <subfield code="a">&#x859B;&#x6587;</subfield>
    <subfield code="c">(Sherwin, Martin J.)</subfield>
  </datafield>
  <datafield tag="700" ind1="1" ind2=" ">
    <subfield code="a">Sherwin, Martin J.</subfield>
  </datafield>
  <datafield tag="700" ind1="1" ind2=" ">
    <subfield code="a">&#x6797;, &#x9DAF;</subfield>
  </datafield>
  <datafield tag="740" ind1="2" ind2=" ">
    <subfield code="a">&#x539F;&#x5B50;&#x5F48;&#x7684;&#x8A95;&#x751F;</subfield>
  </datafield>
  <datafield tag="740" ind1="2" ind2=" ">
    <subfield code="a">&#x570B;&#x5BB6;&#x82F1;&#x96C4;&#x9695;&#x843D;</subfield>
  </datafield>
  <datafield tag="830" ind1=" " ind2="0">
    <subfield code="a">People ;</subfield>
    <subfield code="v">498-499.</subfield>
  </datafield>
  <datafield tag="942" ind1=" " ind2=" ">
    <subfield code="2">ccl</subfield>
    <subfield code="c">BOOK</subfield>
  </datafield>
  <datafield tag="999" ind1=" " ind2=" ">
    <subfield code="c">7571</subfield>
    <subfield code="d">7571</subfield>
  </datafield>
  <datafield tag="952" ind1=" " ind2=" ">
    <subfield code="0">0</subfield>
    <subfield code="1">0</subfield>
    <subfield code="2">ccl</subfield>
    <subfield code="4">0</subfield>
    <subfield code="7">0</subfield>
    <subfield code="a">yeezen</subfield>
    <subfield code="b">yeezen</subfield>
    <subfield code="d">2024-05-03</subfield>
    <subfield code="l">2</subfield>
    <subfield code="m">2</subfield>
    <subfield code="o">785.28</subfield>
    <subfield code="p">C03151</subfield>
    <subfield code="r">2024-07-30 00:00:00</subfield>
    <subfield code="s">2024-07-02</subfield>
    <subfield code="w">2024-05-03</subfield>
    <subfield code="y">BOOK</subfield>
    <subfield code="z">&#x5967;&#x672C;&#x6D77;&#x9ED8; &#x4E0A;&#xFF1A;&#x539F;&#x5B50;&#x5F48;&#x7684;&#x8A95;&#x751F;                     
&#x4ED6;&#x662F;&#x7F8E;&#x570B;&#x7684;&#x666E;&#x7F85;&#x7C73;&#x4FEE;&#x65AF;&#xFF0C;&#x300C;&#x539F;&#x5B50;&#x5F48;&#x4E4B;&#x7236;&#x300D;&#xFF0C;&#x6230;&#x722D;&#x671F;&#x9593;&#x70BA;&#x4ED6;&#x7684;&#x570B;&#x5BB6;&#x5E36;&#x982D;&#x52AA;&#x529B;&#x5F9E;&#x5927;&#x81EA;&#x7136;&#x652B;&#x53D6;&#x4EE4;&#x4EBA;&#x656C;&#x754F;&#x7684;&#x592A;&#x967D;&#x4E4B;&#x706B;&#x3002;&#x4E4B;&#x5F8C;&#xFF0C;&#x4ED6;&#x660E;&#x667A;&#x9053;&#x51FA;&#x5176;&#x4E2D;&#x7684;&#x5371;&#x96AA;&#xFF0C;&#x4E5F;&#x5C0D;&#x6F5B;&#x5728;&#x7684;&#x52A9;&#x76CA;&#x61F7;&#x62B1;&#x5E0C;&#x671B;&#x3002;&#x2026;&#x4F46;&#xFF0C;&#x5967;&#x672C;&#x6D77;&#x9ED8;&#x7684;&#x8B66;&#x544A;&#x7121;&#x4EBA;&#x7406;&#x6703;&#xFF0C;&#x6700;&#x5F8C;&#xFF0C;&#x4ED6;&#x88AB;&#x6D88;&#x97F3;&#x4E86;&#xFF0C;&#x6210;&#x70BA;&#x9EA5;&#x5361;&#x932B;&#x4E3B;&#x7FA9;&#x548C;&#x7F8E;&#x570B;&#x53CD;&#x5171;&#x8056;&#x6230;&#x4E2D;&#x6700;&#x8457;&#x540D;&#x7684;&#x53D7;&#x5BB3;&#x8005;&#x3002;</subfield>
  </datafield>
  <datafield tag="952" ind1=" " ind2=" ">
    <subfield code="0">0</subfield>
    <subfield code="1">0</subfield>
    <subfield code="2">ccl</subfield>
    <subfield code="4">0</subfield>
    <subfield code="7">0</subfield>
    <subfield code="a">yeezen</subfield>
    <subfield code="b">yeezen</subfield>
    <subfield code="c">YEEZEN</subfield>
    <subfield code="d">2024-05-03</subfield>
    <subfield code="l">2</subfield>
    <subfield code="m">1</subfield>
    <subfield code="o">785.28</subfield>
    <subfield code="p">C03152</subfield>
    <subfield code="r">2024-08-29 00:00:00</subfield>
    <subfield code="s">2024-08-28</subfield>
    <subfield code="w">2024-05-03</subfield>
    <subfield code="y">BOOK</subfield>
    <subfield code="z"> &#x5967;&#x672C;&#x6D77;&#x9ED8; &#x4E0B;&#xFF1A;&#x570B;&#x5BB6;&#x82F1;&#x96C4;&#x6B9E;&#x843D;                                                                                                       &#x4ED6;&#x662F;&#x7F8E;&#x570B;&#x7684;&#x666E;&#x7F85;&#x7C73;&#x4FEE;&#x65AF;&#xFF0C;&#x300C;&#x539F;&#x5B50;&#x5F48;&#x4E4B;&#x7236;&#x300D;&#xFF0C;&#x6230;&#x722D;&#x671F;&#x9593;&#x70BA;&#x4ED6;&#x7684;&#x570B;&#x5BB6;&#x5E36;&#x982D;&#x52AA;&#x529B;&#x5F9E;&#x5927;&#x81EA;&#x7136;&#x652B;&#x53D6;&#x4EE4;&#x4EBA;&#x656C;&#x754F;&#x7684;&#x592A;&#x967D;&#x4E4B;&#x706B;&#x3002;&#x4E4B;&#x5F8C;&#xFF0C;&#x4ED6;&#x660E;&#x667A;&#x9053;&#x51FA;&#x5176;&#x4E2D;&#x7684;&#x5371;&#x96AA;&#xFF0C;&#x4E5F;&#x5C0D;&#x6F5B;&#x5728;&#x7684;&#x52A9;&#x76CA;&#x61F7;&#x62B1;&#x5E0C;&#x671B;&#x3002;&#x2026;&#x4F46;&#xFF0C;&#x5967;&#x672C;&#x6D77;&#x9ED8;&#x7684;&#x8B66;&#x544A;&#x7121;&#x4EBA;&#x7406;&#x6703;&#xFF0C;&#x6700;&#x5F8C;&#xFF0C;&#x4ED6;&#x88AB;&#x6D88;&#x97F3;&#x4E86;&#xFF0C;&#x6210;&#x70BA;&#x9EA5;&#x5361;&#x932B;&#x4E3B;&#x7FA9;&#x548C;&#x7F8E;&#x570B;&#x53CD;&#x5171;&#x8056;&#x6230;&#x4E2D;&#x6700;&#x8457;&#x540D;&#x7684;&#x53D7;&#x5BB3;&#x8005;&#x3002;</subfield>
  </datafield>
</record>
